La comunalidad : una propuesta antropológica desde la diversidad cultural (Record no. 157152)

MARC details
000 -CABECERA
campo de control de longitud fija 00569nab a2200193 a 4500
005 - FECHA Y HORA DE LA ÚLTIMA TRANSACCIÓN
campo de control 20210219161437.0
008 - ELEMENTOS DE LONGITUD FIJA--INFORMACIÓN GENERAL
campo de control de longitud fija 991125s1985 mx 000 0 spa u
035 ## - NÚMERO DE CONTROL DEL SISTEMA
Número de control de sistema UPN01000185049
100 1# - ASIENTO PRINCIPAL--NOMBRE PERSONAL
Nombre de persona Escudero, Isabel
222 ## - TÍTULO CLAVE
Título clave EDUC ACCION
245 ## - MENCIÓN DE TÍTULO
Título La comunalidad : una propuesta antropológica desde la diversidad cultural
260 ## - PUBLICACIÓN, DISTRIBUCIÓN, ETC.
Lugar de publicación, distribución, etc. Hidalgo, México
300 ## - DESCRIPCIÓN FÍSICA
Extensión 101-111
362 0# - FECHAS DE PUBLICACIÓN Y/O DESIGNACIÓN SECUENCIAL
Fecha de publicación y/o designación secuencial 2009 Nueva época, año 6, no. 9 (1, 2), ene.-dic.
653 0# - TERMINO DE INDIZACION - NO CONTROLADO
Término no controlado COMUNALIDAD
653 0# - TERMINO DE INDIZACION - NO CONTROLADO
Término no controlado PUEBLOS INDIGENAS
653 0# - TERMINO DE INDIZACION - NO CONTROLADO
Término no controlado DIVERSIDAD CULTURAL
905 ## - TIPO DE MATERIAL
Tipo de material Articulo

No items available.